| 000 | 00559nam a2200181Ia 4500 | ||
|---|---|---|---|
| 003 | GCL | ||
| 008 | 140319s9999 xx 000 0 ara d | ||
| 040 |
_aGCL / _cGCL |
||
| 082 | 0 | 4 |
_a891.4 _bم ق |
| 100 | 1 | _aمحمد عيثانى | |
| 245 | 1 | 0 |
_aقصص مختارة: من الادب الهندى / _cمحمد عيثانى |
| 300 | _a96 ص | ||
| 490 |
_aمختارات من روائع القصة العالمية _v0 |
||
| 650 | 0 | 4 | _aالادب الهندى |
| 650 | 0 | 4 | _aالقصص الهندية |
| 650 | 0 | 4 | _aالتراث الهندى |
| 942 |
_2ddc _cBK |
||
| 999 |
_c38537 _d38537 |
||